1984 / (Registro nro. 782)
[ vista simple ]
| 000 -LEADER | |
|---|---|
| fixed length control field | 01090aam a2200313 a 4500 |
| 001 - CONTROL NUMBER | |
| control field | 001335017 |
| 003 - CONTROL NUMBER IDENTIFIER | |
| control field | AR-RoUNSC |
| 005 - DATE AND TIME OF LATEST TRANSACTION | |
| control field | 20251126141534.0 |
| 008 - FIXED-LENGTH DATA ELEMENTS--GENERAL INFORMATION | |
| fixed length control field | 150406s2024 ag gr 000 f spa |
| 020 ## - INTERNATIONAL STANDARD BOOK NUMBER | |
| International Standard Book Number | 978-987-566-928-4 |
| 040 ## - CATALOGING SOURCE | |
| Original cataloging agency | AR-BaBN |
| Language of cataloging | spa |
| Transcribing agency | AR-RoUNCS |
| Description conventions | aacr |
| 041 1# - LANGUAGE CODE | |
| Language code of text/sound track or separate title | spa |
| Language code of original | eng |
| 044 ## - COUNTRY OF PUBLISHING/PRODUCING ENTITY CODE | |
| MARC country code | ag |
| ISO country code | ar-c |
| 080 1# - UNIVERSAL DECIMAL CLASSIFICATION NUMBER | |
| Universal Decimal Classification number | 82-31(410.1) |
| Edition identifier | 2016 |
| 100 1# - MAIN ENTRY--PERSONAL NAME | |
| Personal name | Orwell, George, |
| Dates associated with a name | 1903-1950 |
| Relator term | autor |
| Relationship | aut |
| 245 10 - TITLE STATEMENT | |
| Title | 1984 / |
| Statement of responsibility, etc. | George Orwell ; epílogo de Thomas Pynchon ; traducción de Miguel Temprano García. |
| 246 23 - VARYING FORM OF TITLE | |
| Title proper/short title | Mil novecientos ochenta y cuatro |
| 250 ## - EDITION STATEMENT | |
| Edition statement | 18a ed. bajo este sello en la Argentina. |
| 260 ## - PUBLICATION, DISTRIBUTION, ETC. | |
| Place of publication, distribution, etc. | Buenos Aires : |
| Name of publisher, distributor, etc. | Debolsillo, |
| Date of publication, distribution, etc. | 2024. |
| 300 ## - PHYSICAL DESCRIPTION | |
| Extent | 349 p. ; |
| Dimensions | 20 cm. |
| 490 1# - SERIES STATEMENT | |
| Series statement | Contemporánea |
| 504 ## - BIBLIOGRAPHY, ETC. NOTE | |
| Bibliography, etc. note | Referencias bibliográficas del "Epílogo": p. [350]. |
| 650 #7 - SUBJECT ADDED ENTRY--TOPICAL TERM | |
| Source of heading or term | embne |
| Topical term or geographic name entry element | LITERATURA INGLESA |
| Chronological subdivision | SIGLO XX |
| 655 #7 - INDEX TERM--GENRE/FORM | |
| Source of term | embne |
| Genre/form data or focus term | NOVELA DISTÓPICA |
| 700 1# - ADDED ENTRY--PERSONAL NAME | |
| Personal name | Pynchon, Thomas, |
| Dates associated with a name | 1937- |
| Relator term | autora de epílogo |
| Relationship | aft |
| 700 1# - ADDED ENTRY--PERSONAL NAME | |
| Personal name | Temprano García, Miguel, |
| Dates associated with a name | 1968- |
| Relator term | traductor |
| Relationship | trl |
| 830 #0 - SERIES ADDED ENTRY--UNIFORM TITLE | |
| Uniform title | Contemporánea (Debolsillo) |
| 942 ## - ADDED ENTRY ELEMENTS (KOHA) | |
| Source of classification or shelving scheme | Universal Decimal Classification |
| Koha item type | Libro de préstamo a domicilio |
| Suppress in OPAC | No |
| Withdrawn status | Lost status | Source of classification or shelving scheme | Damaged status | Not for loan | Collection | Home library | Current library | Date acquired | Source of acquisition | Total checkouts | Full call number | Barcode | Date last seen | Date last checked out | Price effective from | Koha item type |
|---|---|---|---|---|---|---|---|---|---|---|---|---|---|---|---|---|
| Universal Decimal Classification | Colección General | Biblioteca Escuela de Ciencias Sociales | Biblioteca Escuela de Ciencias Sociales | 26/11/2025 | Compra 2025 | 1 | 82-312.4(410.1) OR79 | 001491 | 05/05/2026 | 26/03/2026 | 26/11/2025 | Libro de préstamo a domicilio |